| 000 | 00653nam a22002057a 4500 | ||
|---|---|---|---|
| 999 |
_c3832 _d3832 |
||
| 003 | AR-CdUCM | ||
| 008 | 190307b ||||| |||| 00| 0 spa d | ||
| 040 |
_aMUNICIPALIDAD PROVINCIAL DEL CUSCO _cBIBLIOTECA MUNICIPAL DEL CUSCO |
||
| 082 |
_a869.1 / _bO21 |
||
| 100 |
_aO'Gorman , Edmundo _912334 |
||
| 245 | _aLa invención de América / | ||
| 260 |
_aMéxico : _bFondo de Cultura Económica , _c1958. |
||
| 300 |
_a193 páginas ; _c21 cm. |
||
| 440 |
_aLecturas Méxicanas _n63 _912335 |
||
| 650 |
_aLiteratura Méxicana _99769 |
||
| 650 |
_aCorriente Indigenista _912336 |
||
| 650 |
_aLiteratura Narrativa _9197 |
||
| 942 |
_2ddc _cLIBROS |
||
| 945 | _artm | ||